Normal view
MARC view
Entry Personal Name
001 - CONTROL NUMBER
- control field: 20160
003 - CONTROL NUMBER IDENTIFIER
- control field: ARRUPE
005 - DATE AND TIME OF LATEST TRANSACTION
- control field: 20151008120521.0
008 - FIXED-LENGTH DATA ELEMENTS
- fixed length control field: 151008|| aca||aabn | a|a d
040 ## - CATALOGING SOURCE
- Original cataloging agency: ARRUPE
- Transcribing agency: ARRUPE
100 ## - HEADING--PERSONAL NAME
- Personal name: Moore, Judith B.
670 ## - SOURCE DATA FOUND
- Source citation: Work cat.: (ARRUPE): Sweet, Waldo E. 20144, Artes Latinae, 1966